1969 1080 1514 1989 1804 1718 1091 1322 1099 1179 1069 1817 1989 1694 1228 1398 1113 1500 1028 1068 1949 1535 1294 1235 1092 1480 1224 1932 1528 1591 1943 1953 1468 1683 1942 1328 1537 1931 1720 1225 1582 1975 1002 1018 1531 1286 1600 1529 1693 1564 1963 1525 1756 1330 1622 1288 1260 1009 1168 1793 1639 1173 1319 1306 1914 1646 1763 1375 1628 1995 1260 1453 1545 1784 1492 1413 1656 1369 1287 1986 1546 1076 1803 1829 1156 1680 1105 1938 1597 1363 1297 1219 1362 1927 1264 1851 1544 1119 1378 BCNSPRNW ULIB Ver.6.0+V

เปลี่ยนเป็นภาษาไทย

Change to English
 แสดงรายละเอียดบรรณานุกรม
  กลับหน้าหลัก

Brief Record : Get Marc (ISO 2709) : E-mail record : QR code < ปิดหน้าต่าง
LEADER : 00000nam 2200000uu 4500
001    13399121293
003     ULIB
008    121114s2551||||th 000 0 tha d
020    ^a9789740613909
050 04 ^aPE1131^bผ259ภ
100    ^aผะอบ พวงน้อย
245 10 ^aภาษาอังกฤษกับงาน/^cผะอบ พวงน้อย
250    ^aพิมพ์ครั้งแรก
260    ^aกรุงเทพฯ^bเซ็นจูรี่^c2551
300    ^a297หน้า^b21ซม.
650    ^aภาษาอังกฤษกับงาน
913    ^aImported by ULIBM Administrator
945    ^p330^l0^i15230
949    ^aImport form external file by ULIBM system
995    ^aวิภา
999    ^aวิภา
รายการนี้ยังไม่มีแท็ก
คุณยังไม่ได้ล็อกอิน คุณสามารถมีกิจกรรมร่วมกับเว็บไซต์ได้ แต่ต้องล็อกอินก่อน ::
  ล็อกอิน

รายการสื่อสารสนเทศ

ลำดับที่ ประเภท เลขเรียก/บาร์โค้ด สถานที่ สถานะ
1. วิทยาศาสตร์การแพทย์ และสุขภาพ
วิทยาศาสตร์การแพทย์ และสุขภาพ
PE1131 ผ259ภ  
  Barcode: 15230
ห้องสมุดวิทยาเขตสวรรค์ประชารักษ์
►หนังสือทั่วไป
บนชั้น

BibComment


ยังไม่เคยถูกคอมเมนท์

คอมเมนท์ทรัพยากรรายการนี้
  คอมเมนท์: ภาษาอังกฤษกับงาน..


 Copyright 2026. Bcnsprnw @Library